Fluid mechanics through worked out problems (Record no. 2538)

000 -LEADER
fixed length control field 00578nam a22002177a 4500
001 - CONTROL NUMBER
control field 2538
003 - CONTROL NUMBER IDENTIFIER
control field BD-DhUET
008 - FIXED-LENGTH DATA ELEMENTS--GENERAL INFORMATION
fixed length control field 140924b xxu||||| |||| 00| 0 eng d
020 ## - INTERNATIONAL STANDARD BOOK NUMBER
International Standard Book Number 9843109230
040 ## - CATALOGING SOURCE
Transcribing agency 0
Modifying agency BD-DhUET
082 ## - DEWEY DECIMAL CLASSIFICATION NUMBER
Classification number 532
Item number QUA/2006
100 ## - MAIN ENTRY--PERSONAL NAME
Personal name Quamrul Islam , Md.
245 ## - TITLE STATEMENT
Title Fluid mechanics through worked out problems
250 ## - EDITION STATEMENT
Edition statement 1st ed.
260 ## - PUBLICATION, DISTRIBUTION, ETC. (IMPRINT)
Place of publication, distribution, etc. Gazipur
Name of publisher, distributor, etc. Islamic University of Technology
Date of publication, distribution, etc. 2006
300 ## - PHYSICAL DESCRIPTION
Extent xii,777 p.
504 ## - BIBLIOGRAPHY, ETC. NOTE
Bibliography, etc Includes bibliographies
650 #0 - SUBJECT ADDED ENTRY--TOPICAL TERM
Topical term or geographic name as entry element Fluid mechanics
700 ## - ADDED ENTRY--PERSONAL NAME
Personal name Mondal , Amalesh Chandra
942 ## - ADDED ENTRY ELEMENTS (KOHA)
Koha item type General Book
Holdings
Sublocation or collection (holding branch) Withdrawn status Date acquired Koha renewals Koha out on loan Koha date last borrowed Copy number Koha item type Koha full call number Lost status Koha normalized classification for sorting Koha issues (times borrowed) Not for loan Damaged status Shelving location Source of classification or shelving scheme Piece designation (barcode) Koha date last seen Price effective from Location (home branch)
Central Library, BUET 2014-09-24 2024-09-142024-08-311General Book532/QUA/2006 532QUA20069  Circulation section 1027492024-08-312014-09-24Central Library, BUET
Central Library, BUET 2014-09-24  2025-08-102General Book532/QUA/2006 532_000000000000000_QUA_200616  Circulation section 1027502025-11-092014-09-24Central Library, BUET
Central Library, BUET 2014-09-241 2026-03-303General Book532/QUA/2006 532_000000000000000_QUA_200615  Circulation section 1027512026-04-122014-09-24Central Library, BUET
Central Library, BUET 2015-08-17 2025-07-142025-06-304General Book532/QUA/2006 532_000000000000000_QUA_200624  Circulation section 1027482025-06-302015-08-17Central Library, BUET
Central Library, BUET 2006-11-06 2023-12-162023-12-025General Book532/QUA/2006 532_000000000000000_QUA_200610  Circulation section 1027522023-12-022018-04-21Central Library, BUET